| 000 | 01037nam a22003137a 4500 | ||
|---|---|---|---|
| 003 | CHAP | ||
| 005 | 20220329134657.0 | ||
| 008 | 971013s1975 r 00010 d | ||
| 010 | _a24070 | ||
| 011 | _a25042 | ||
| 035 | _a29142 | ||
| 040 | _cCHAP | ||
| 082 |
_a540 _bB74Y 1970 |
||
| 100 | 0 | 0 |
_aBrescia, Frank. _915237 |
| 245 | _aFundamentos de química ; una moderna introducción | ||
| 260 |
_aMéxico, D. F. : _bCECSA, _c1975 |
||
| 300 |
_a678 p. _b: ilus. ; láms. |
||
| 500 | _aTrad. de la 2 ed. en inglés de 1970 | ||
| 590 |
_aBATCH-UPD _b10 _c20130110 _lUCH01 _h1348 |
||
| 590 |
_aBATCH-UPD _b10 _c20130410 _lUCH01 _h0846 |
||
| 590 |
_aBATCH-UPD _b10 _c20130914 _lUCH01 _h0748 |
||
| 590 |
_aCONVERSION _b10 _c20130109 _lUCH01 _h1314 |
||
| 650 | 1 | 4 |
_aQuímica. _993552 |
| 901 | _aBK | ||
| 942 | _cLIBRO | ||
| 949 |
_a540 B74Y 1970 _bBC _cLIBRO _d-67269 _eLIBRO _fc.3 _h37688 _i29142 _si |
||
| 949 |
_a540 B74Y 1970 _bBC _cLIBRO _d-67270 _eLIBRO _fc.4 _h37689 _i29142 _si |
||
| 949 |
_a540 B74Y 1970 _bBC _cMUT _d-67271 _eMUT _fc.5 _h37690 _i29142 _si |
||
| 999 |
_c24070 _d24070 |
||